Statistics for You've never had chocolate like this (Hoverchocs) lyrics

Click here to take the quiz!

General Stats

  • This quiz has been taken 8 times
  • The average score is 44 of 127

Answer Stats

HintAnswer% Correct
a
100%
a
100%
WonkaIn
100%
jungle
100%
There's
100%
hoverfly
67%
little
67%
Mumbai
67%
near
67%
a
33%
a
33%
a
33%
a
33%
And
33%
And
33%
And
33%
and
33%
as
33%
asked
33%
at
33%
be
33%
beats
33%
But
33%
chocolate
33%
chocolate
33%
chocolate
33%
chocolate
33%
chocolate
33%
chocolate
33%
each
33%
egg
33%
eyes
33%
flaps
33%
fleas
33%
float
33%
from
33%
Get
33%
gives
33%
glee
33%
go
33%
gracefully
33%
had
33%
hand
33%
happy
33%
hatches
33%
hotel
33%
How
33%
in
33%
in
33%
into
33%
It
33%
It
33%
it
33%
its
33%
its
33%
lay
33%
leaves
33%
levitate
33%
lie
33%
like
33%
Like
33%
like
33%
little
33%
living
33%
makes
33%
microscopic
33%
more
33%
most
33%
never
33%
nicely,
33%
no
33%
No,
33%
of
33%
one
33%
only
33%
out
33%
pocke-let
33%
pop
33%
precisely
33%
put
33%
second,
33%
see
33%
shell
33%
socke-lets
33%
some
33%
than
33%
that's
33%
The
33%
their
33%
then
33%
there's
33%
there's
33%
These
33%
these
33%
this
33%
this!
33%
thousand
33%
thrilling
33%
to
33%
Well,
33%
When
33%
when
33%
whose
33%
will
33%
will
33%
wings
33%
wings
33%
with
33%
Wonka
33%
Wonka's
33%
"Woohoo!"
33%
yell,
33%
you
33%
your
33%
your
33%
your
33%
yourself
33%
you've
33%
chocolate
0%
chocolate
0%
Come
0%
had
0%
I
0%
insist
0%
never
0%
now,
0%
You've
0%

Score Distribution

Percentile by Number Answered

Percent of People with Each Score

Your Score History

You have not taken this quiz